<?xml version="1.0" encoding="UTF-8"?>
<collection xmlns="http://www.loc.gov/MARC21/slim">
<record>
  <controlfield tag="001">7281</controlfield>
  <controlfield tag="005">20250109120158.0</controlfield>
  <datafield tag="037" ind1=" " ind2=" ">
    <subfield code="a">POSTER-2025-0014</subfield>
  </datafield>
  <datafield tag="100" ind1=" " ind2=" ">
    <subfield code="a">Saraswati, Anita</subfield>
  </datafield>
  <datafield tag="245" ind1=" " ind2=" ">
    <subfield code="a">Estimating hydrological variations from geophysical insights</subfield>
  </datafield>
  <datafield tag="260" ind1=" " ind2=" ">
    <subfield code="c">2024</subfield>
  </datafield>
  <datafield tag="269" ind1=" " ind2=" ">
    <subfield code="c">2024-09-12</subfield>
  </datafield>
  <datafield tag="520" ind1=" " ind2=" ">
    <subfield code="a">The water cycle exerts a significant influence on geophysical signals. Through an extensive hydrogeophysical investigation at the geodynamic station in Membach, Belgium, we aim to estimate hydrological variations in the surrounding area. Our focus is on integrating gravity and ambient seismic noise measurements to develop a detailed hydrological numerical model at a local scale. The first step of the study is to examine the correlations between the geophysics and hydrological observations of the area. Then, we employ stochastic sampling methods to examine subsurface parameters, allowing us to reproduce diverse observables such as gravity anomalies, seismic velocity changes, and water balance variations best. This comprehensive approach enables us to obtain a more accurate understanding of the hydrological processes occurring beneath the surface. By combining ambient seismic noise with gravimetry, we aim to address current instrumental limitations in hydrology, particularly for studying deep and complex critical zones. These critical zones are essential for understanding the interaction between the Earth's surface and subsurface, as well as the variation in water storage. Our research anticipates that this integrated method will provide more precise and detailed insights into hydrological dynamics, ultimately contributing to improved water resource management and a better understanding of geophysical signals influenced by the water cycle.</subfield>
  </datafield>
  <datafield tag="536" ind1=" " ind2=" ">
    <subfield code="a">FED-tWIN2022-prf-2022-041 - SEPARATOR#2/</subfield>
    <subfield code="c">FED-tWIN2022-prf-2022-041 - SEPARATOR#2/</subfield>
    <subfield code="f">FED-tWIN2022-prf-2022-041 - SEPARATOR#2</subfield>
  </datafield>
  <datafield tag="594" ind1=" " ind2=" ">
    <subfield code="a">NO</subfield>
  </datafield>
  <datafield tag="700" ind1=" " ind2=" ">
    <subfield code="a">Lecocq, Thomas</subfield>
  </datafield>
  <datafield tag="700" ind1=" " ind2=" ">
    <subfield code="a">Vanclooster, Marnik</subfield>
  </datafield>
  <datafield tag="773" ind1=" " ind2=" ">
    <subfield code="t">Geologica Belgica Luxemburga International Meeting 2024, Liège, Belgium</subfield>
  </datafield>
  <datafield tag="856" ind1="0" ind2=" ">
    <subfield code="f">anita.saraswati@ksb-orb.be</subfield>
  </datafield>
  <datafield tag="856" ind1="4" ind2=" ">
    <subfield code="s">858563</subfield>
    <subfield code="u">http://publi2-as.oma.be/record/7281/files/geologica_poster_asaraswa.pdf</subfield>
  </datafield>
  <datafield tag="856" ind1="4" ind2=" ">
    <subfield code="s">23108</subfield>
    <subfield code="u">http://publi2-as.oma.be/record/7281/files/geologica_poster_asaraswa.gif?subformat=icon</subfield>
    <subfield code="x">icon</subfield>
  </datafield>
  <datafield tag="856" ind1="4" ind2=" ">
    <subfield code="s">24266</subfield>
    <subfield code="u">http://publi2-as.oma.be/record/7281/files/geologica_poster_asaraswa.jpg?subformat=icon-180</subfield>
    <subfield code="x">icon-180</subfield>
  </datafield>
  <datafield tag="980" ind1=" " ind2=" ">
    <subfield code="a">CPOSTER</subfield>
  </datafield>
</record>
</collection>